000 00788nam a2200217 i 4500
001 bg
100 1 _aREUT, aria.
245 0 _aScjentyzm i kryzys scjentyzmu /
_cMaria Reut.
260 _aWrocław :
_bWydaw. PW,
_c1992.
300 _a34, [1] s. ;
_c24 cm.
490 1 _aPrace Naukowe Instytutu Nauk Ekonomiczno-Społecznych Politechniki Wrocławskiej. Monografie,
_v30
500 _aSer. gł. : 0239-3204 ; 44.
504 _aBibliogr. s. 33-34.
710 _aPOLITECHNIKA WROCŁAWSKA (Wrocław). Instytut Nauk Ekonomiczno-Społecznych
830 0 _aPrace Naukowe Instytutu Nauk Ekonomiczno-Społecznych Politechniki Wrocławskiej.
_pMonografie ;
_v30
040 _cBPK
041 _apol
080 _a1:001]"19"(091)
942 _cKS
008 s pl f |000 0 pol
999 _c30077
_d30077
856 _uhttp://koha.tu.koszalin.pl/cgi-bin/koha/opac-detail.pl?biblionumber=30077
_yKatalog online BPK